Astronomy by Picture Multiple Choice - Statistics

General Stats
  • This quiz has been taken 88 times
  • The average score is 11 of 15
Answer Stats
Question Answer % Correct
Pluto
95%
Horsehead Nebula
95%
Black Hole
95%
Pleiades
90%
Titan
86%
Neutron Star
86%
Olympus Mons
81%
Venus
81%
Andromeda Galaxy
76%
Quasar
76%
Crab Nebula
67%
Eris
48%
Enceladus
48%
Ceres
43%
Lenticular Galaxy
19%
No matching quizzes found
Score Distribution
Percent of People with Each Score
Percentile by Number Answered
Your Score History
You have not taken this quiz